Estética de lo performativo / (Record no. 197048)

MARC details
000 -LEADER
campo de control de longitud fija 01826nam a2200481 i 4500
001 - NÚMERO DE CONTROL
campo de control 197048
003 - IDENTIFICADOR DE NÚMERO DE CONTROL
campo de control ES-MaACL
005 - FECHA Y HORA DE LA ÚLTIMA TRANSACCIÓN
campo de control 20250824012921.0
008 - DATOS DE LONGITUD FIJA--INFORMACIÓN GENERAL
campo de control de longitud fija 250120s2004 sp | |||| 000 0 spa
015 ## - NÚMERO DE BIBLIOGRAFÍA NACIONAL
Número de bibliografía nacional MON11
017 ## - NÚMERO DE COPYRIGHT O DE DEPÓSITO LEGAL
Número de copyright o de depósito legal M 32790-2017
Agencia que asigna Oficina Depósito Legal Madrid
020 ## - NÚMERO INTERNACIONAL ESTÁNDAR DEL LIBRO
Número Internacional Estándar del Libro 9788415289180
035 ## - NÚMERO DE CONTROL DEL SISTEMA
Número de control de sistema (OCoLC)773021260
035 ## - NÚMERO DE CONTROL DEL SISTEMA
Número de control de sistema (SpMaBN)a5215167
040 ## - FUENTE DE CATALOGACIÓN
Centro catalogador/agencia de origen SpMaBN
Lengua de catalogación spa
Centro/agencia transcriptor SpMaBN
Normas de descripción rdc
080 ## - NÚMERO DE LA CLASIFICACIÓN DECIMAL UNIVERSAL
Número de la Clasificación Decimal Universal 7.038.531
080 ## - NÚMERO DE LA CLASIFICACIÓN DECIMAL UNIVERSAL
Número de la Clasificación Decimal Universal 792
080 ## - NÚMERO DE LA CLASIFICACIÓN DECIMAL UNIVERSAL
Número de la Clasificación Decimal Universal 792.01
100 1# - ENTRADA PRINCIPAL--NOMBRE DE PERSONA
Nombre de persona Fischer-Lichte, Erika
9 (RLIN) 239882
Término indicativo de función/relación Autor
240 10 - TÍTULO UNIFORME
Título uniforme Ästhetik des Performativen
Lenguaje de la obra Español
245 10 - MENCIÓN DEL TÍTULO
Título Estética de lo performativo /
Mención de responsabilidad, etc. Erika Fischer-Lichte ; traducción, Diana González Martín y David Martínez Perucha ; introducción, Óscar Cornago.
260 ## - PUBLICACIÓN, DISTRIBUCIÓN, ETC.
Lugar de publicación, distribución, etc. Madrid :
Nombre del editor, distribuidor, etc. Abada,
Fecha de publicación, distribución, etc. D.L. 2011.
300 ## - DESCRIPCIÓN FÍSICA
Extensión 427 páginas ;
Dimensiones 20 cm.
336 ## - TIPO DE CONTENIDO
Término de tipo de contenido Texto (visual)
Fuente isbdcontent
337 ## - TIPO DE MEDIO
Nombre/término del tipo de medio sin mediación
Fuente isbdmedia
338 ## - TIPO DE SOPORTE
Fuente rdacarrier
Nombre/término del tipo de soporte volumen
490 0# - MENCIÓN DE SERIE
Mención de serie Lecturas de estética
504 ## - NOTA DE BIBLIOGRAFÍA, ETC.
Nota de bibliografía, etc. Bibliografía: páginas [411]-427
594 ## - NOTA AL TITULO Y MENCION DE RESPONSABILIDAD
Nota al título y mención de responsabilidad Título original: Ästhetik des Performativen
650 #7 - PUNTO DE ACCESO ADICIONAL DE MATERIA--TÉRMINO DE MATERIA
Término de materia o nombre geográfico como elemento de entrada Performance (Arte)
Fuente del encabezamiento o término embne
9 (RLIN) 239883
650 #7 - PUNTO DE ACCESO ADICIONAL DE MATERIA--TÉRMINO DE MATERIA
Término de materia o nombre geográfico como elemento de entrada Teatro alternativo
Fuente del encabezamiento o término embne
9 (RLIN) 142682
650 #7 - PUNTO DE ACCESO ADICIONAL DE MATERIA--TÉRMINO DE MATERIA
Término de materia o nombre geográfico como elemento de entrada Teatro-
Subdivisión general Filosofía
9 (RLIN) 149499
700 1# - ENTRADA AGREGADA--NOMBRE PERSONAL
Nombre de persona González Martín, Diana
Término indicativo de función/relación Traductor
9 (RLIN) 241708
700 1# - ENTRADA AGREGADA--NOMBRE PERSONAL
Nombre de persona Martínez Perucha, David
Término indicativo de función/relación Traductor
9 (RLIN) 241709
700 1# - ENTRADA AGREGADA--NOMBRE PERSONAL
Nombre de persona Cornago, Óscar
Término indicativo de función/relación Autor de introducción
9 (RLIN) 241710
852 ## - LOCALIZACIÓN
Ubicación ES-MaACL
Ubicación en estantería Depósito J
Número de control de estantería N-10391
Donativo/Legado Donación: José Lázero García
Encuadernación Encuadernación rústica con solapas
itemnumber 206513
903 1# - NOMBRE PERSONAL DE DONANTE
9 234219
a Lázaro García, José
e Donante
942 ## - ELEMENTOS DE ENTRADA SECUNDARIOS (KOHA)
Tipo de ítem Koha Libro impreso
Suprimir en OPAC No
Holdings
Estatus retirado Estado de pérdida Fuente del sistema de clasificación o colocación Estado de daño No para préstamo Biblioteca de origen Biblioteca actual Ubicación en estantería Fecha de adquisición Fuente de adquisición Total de préstamos Signatura topográfica completa Código de barras Visto por última vez Precio de reemplazo Tipo de ítem Koha
    Clasificación decimal universal     Biblioteca del Ateneo de Madrid Biblioteca del Ateneo de Madrid Depósito J 10/08/2025 Donación   N-10391 2025-0892 10/08/2025 10/08/2025 Libro impreso